|
|
|
|
| LEADER |
00000cam a2200000 7i4500 |
| 001 |
0000031090 |
| 005 |
20160330.0 |
| 008 |
110602 |
| 020 |
|
|
|a 9833385256
|
| 090 |
0 |
0 |
|a 158.30835
|b SMA
|
| 100 |
1 |
|
|a Smahadzir
|
| 245 |
1 |
0 |
|a Membina kecemerlangan diri
|c Smahadzir & Jaafar Man
|
| 260 |
|
|
|a Selangor :
|b Pekan Ilmu Publications ,
|c 2007
|
| 440 |
|
|
|a Siri kaunseling kecemerlangan
|
| 500 |
|
|
|a Teenager ages 13-18 years old (blue)
|
| 650 |
|
0 |
|a Achievement motivation in adolescent
|
| 650 |
|
0 |
|a Motivation (psychology) in adolescent
|
| 650 |
|
0 |
|a Self actualization (psychology) in adolescent
|
| 650 |
|
0 |
|a Teenagers
|x counseling of
|
| 999 |
|
|
|a 0001055970
|b Book
|c Teenagers
|e Perbadanan Perpustakaan Awam Johor
|
| 999 |
|
|
|a 0001055972
|b Book
|c Teenagers
|e Perbadanan Perpustakaan Awam Johor
|